000 00558cam a22002053a 4500
001 35463
003 PGUSA
005 20140828083750.0
008 110303s2011||||xxu|||||s|||||000 | eng d
040 _aPGUSA
_beng
042 _adc
100 1 _aKing, Basil,
_d1859-1928
245 1 4 _aThe High Heart
_h[electronic resource] /
_cBasil King
260 _bProject Gutenberg,
_c2011
506 _aPublic domain in the USA.
516 _aElectronic text
830 0 _aProject Gutenberg
_v35463
856 4 0 _uhttp://www.gutenberg.org/ebooks/35463
942 _cEB
999 _c264718
_d264718